000 00441nam a2200145Ia 4500
008 220216s9999 xx 000 0 und d
100 _aLardet L
245 0 _aImpact of the age of parent plants on Hevea apex culture relationship with plant hormones
260 _bIn: Culture in vitro: Illustrations de quelques recherches
_c1991
300 _aP15-7
500 _aSource Year: 1992
700 _aHaffner V
856 _uATA
942 _cJS
999 _c60773
_d60773